01251nam a2200325Ia 4500001001200000003000800012006001900020007001500039008004100054020001500095040002100110035002100131050002300152100001900175245011300194260007700307300001600384490001700400533015200417650002800569650003800597655002900635700002500664700002200689700002700711700002600738710001700764830001800781856012600799ebr10112565CaPaEBRm u cr cn|||||||||051128s2005 cau s 000 0 eng d z073849111X aCaPaEBRcCaPaEBR a(OCoLC)22813910614aT58.5b.M36 2005eb1 aManoel, Edson.10aProblem determination using self-managing autonomic technologyh[electronic resource] /cEdson Manoel et al. aSan Jose, CA :bIBM International Technical Support Organization,c2005. axiv, 391 p.1 aIBM redbooks aElectronic reproduction.bPalo Alto, Calif. :cebrary,d2009.nAvailable via World Wide Web.nAccess may be limited to ebrary affiliated libraries. 0aInformation technology. 0aInformation resources management. 7aElectronic books.2local1 aNielson, Morten Jul.1 aSalahshour, Abdi.1 aSampath K. V. L., Sai.1 aSudarshanan, Sanjeev.2 aebrary, Inc. 0aIBM redbooks.40uhttp://site.ebrary.com/lib/rucke/Doc?id=10112565zAn electronic book accessible through the World Wide Web; click to view